000 00399nam a2200181Ia 4500
001 1557
005 20260306143737.0
008 260306t2006||||xx |||||||||||||| ||spa||
041 _aESP
082 _a150.9
_bT72
100 _aTortosa, Francisco
_eAUT
245 0 _aHistoria de la psicologĂ­a
260 _c2006
300 _a
_c
650 _aGEN
654 _aCPS
942 _cLIB
_dJUS
_fJUS
_2ddc
_n
999 _c1557
_d1557